书目信息 |
| 题名: |
二十四史掌故辞典
|
|
| 作者: | 才晓予 主编 | |
| 分册: | ||
| 出版信息: | 北京 中国发展出版社 1995 |
|
| 页数: | 80,981页 | |
| 开本: | 26cm | |
| 丛书名: | ||
| 单 册: | ||
| 中图分类: | K206.6 | |
| 科图分类: | 22.11072 | |
| 主题词: | 掌故-二十四史--词典 | |
| 电子资源: | ||
| ISBN: | 7-80087-091-X | |
| 000 | 00688nnam 2200241 45 | |
| 001 | 0196006414 | |
| 005 | 20061115094622.78 | |
| 010 | @a7-80087-091-X@b精装@dCNY98.00 | |
| 100 | @a19950618d1995 emky0chiy0121 ea | |
| 101 | 0 | @achi |
| 102 | @aCN@b110000 | |
| 105 | @ay e 000yd | |
| 200 | 10 | @a二十四史掌故辞典@AER SHI SI SHI ZHANG GU CI DIAN@f才晓予主编@FCAI XIAO YU ZHU BIAN |
| 210 | @a北京@c中国发展出版社@d1995 | |
| 215 | @a80,981页@d26cm | |
| 540 | 1 | @a掌故@AZHANG GU |
| 605 | @a二十四史-掌故@x词典 | |
| 606 | @a掌故-二十四史@x词典 | |
| 690 | @aK206.6@v3 | |
| 692 | @a22.11072 | |
| 701 | 0 | @a才晓予@ACAI XIAO YU@4主编 |
| 801 | 0 | @aCN@bTSSF@c20061115 |
| 905 | @a10447@dK206.6@e51 | |
| 二十四史掌故辞典/才晓予主编.-北京:中国发展出版社,1995 |
| 80,981页;26cm |
| ISBN 7-80087-091-X(精装):CNY98.00 |
| ● |
| 相关链接 |
|
|
|
|
正题名:二十四史掌故辞典
索取号:K206.6/51
 
预约/预借
| 序号 | 登录号 | 条形码 | 馆藏地/架位号 | 状态 | 备注 |
| 1 | 0269298 | 202115987 | 第二样本阅览室/ [索取号:K206.6/51] | 在馆 |